How to write anything: a guide and reference with readings. / (Record no. 9073)
[ view plain ]
| 000 -LEADER | |
|---|---|
| fixed length control field | 03010cam a2200373 i 4500 |
| 001 - CONTROL NUMBER | |
| control field | 19483066 |
| 003 - CONTROL NUMBER IDENTIFIER | |
| control field | OSt |
| 005 - DATE AND TIME OF LATEST TRANSACTION | |
| control field | 20220715160551.0 |
| 008 - FIXED-LENGTH DATA ELEMENTS--GENERAL INFORMATION | |
| fixed length control field | 170206s2015 maua b 001 0 eng |
| 020 ## - INTERNATIONAL STANDARD BOOK NUMBER | |
| International Standard Book Number | 9781457667039 (pbk.) |
| 040 ## - CATALOGING SOURCE | |
| Original cataloging agency | DLC |
| Language of cataloging | eng |
| Description conventions | rda |
| Transcribing agency | LC |
| Modifying agency | DLC |
| 042 ## - AUTHENTICATION CODE | |
| Authentication code | pcc |
| 050 00 - LIBRARY OF CONGRESS CALL NUMBER | |
| Classification number | PE1408.R86 |
| 082 00 - DEWEY DECIMAL CLASSIFICATION NUMBER | |
| Classification number | 808/.042 |
| Edition number | 23 |
| 100 1# - MAIN ENTRY--PERSONAL NAME | |
| Personal name | Ruszkiewicz, John J., |
| 245 10 - TITLE STATEMENT | |
| Title | How to write anything: a guide and reference with readings. / |
| Statement of responsibility, etc. | John J. Ruszkiewicz, Jay T. Dolmage. |
| 250 ## - EDITION STATEMENT | |
| Edition statement | 3rd ed. |
| 264 #1 - PRODUCTION, PUBLICATION, DISTRIBUTION, MANUFACTURE, AND COPYRIGHT NOTICE | |
| Place of production, publication, distribution, manufacture | Boston: |
| Name of producer, publisher, distributor, manufacturer | Bedford/St.Martins, |
| Date of production, publication, distribution, manufacture, or copyright notice | 2015. |
| 300 ## - PHYSICAL DESCRIPTION | |
| Extent | liv, 937p. , A1 - I20: |
| Other physical details | illustrations (some color) ; |
| Dimensions | 23 cm |
| 336 ## - CONTENT TYPE | |
| Content type term | text |
| Content type code | txt |
| Source | rdacontent |
| 337 ## - MEDIA TYPE | |
| Media type term | unmediated |
| Media type code | n |
| Source | rdamedia |
| 338 ## - CARRIER TYPE | |
| Carrier type term | volume |
| Carrier type code | nc |
| Source | rdacarrier |
| 504 ## - BIBLIOGRAPHY, ETC. NOTE | |
| Bibliography, etc. note | Includes bibliographical references and index. |
| 505 ## - FORMATTED CONTENTS NOTE | |
| Formatted contents note | Contents: Genres: Narratives -- Reports -- Arguments -- Evaluations -- Casual analyses -- Proposals -- Literary analyses -- Rhetorical analyses -- Special assignments: Essay examinations -- Position papers -- Annotated bibliographies -- Synthesis papers -- E-mails -- Business letters -- Resumes -- Personal statements -- Writing portfolios -- Oral reports -- Ideas: Brainstorming -- Smart reading -- Critical thinking -- Experts -- Writer's block -- Shaping & drafting: Thesis -- Strategies -- Organization -- Outlines -- Paragraphs -- Transitions -- Introductions and conclusions -- Titles -- Style: High, middle and low style -- Inclusive and culturally sensitive style -- Vigorous, clear, economical style -- Revising & editing: Revising your own work -- Peer editing -- Research & sources: Beginning your research -- Finding print and online sources -- Doing field research -- Evaluating sources -- Annotating sources -- Summarizing sources -- Paraphrasing sources -- Incorporating sources into your work -- Documenting sources -- MLA documentation and format -- APA documentation and format -- Media & design: Understanding digital media -- Tables, graphs and infographics -- Designing print and online documents -- Common errors: Capitalization -- Apostrophes -- Commas -- Comma splices, run-ons and fragments -- Subject/verb agreement -- Irregular verbs -- Pronoun/Antecedent agreement -- Pronoun reference -- Pronoun case -- Misplaced and dangling modifiers -- Parallelism -- Readings: Narratives: readings -- Reports: readings -- Arguments: readings -- Evaluations: readings -- Casual analyses: readings -- Proposals: readings -- Literary analyses: readings -- Rhetorical analyses: readings -- |
| 650 #0 - SUBJECT ADDED ENTRY--TOPICAL TERM | |
| Topical term or geographic name entry element | English language |
| General subdivision | Rhetoric |
| Form subdivision | Handbooks, manuals, etc. |
| 650 #0 - SUBJECT ADDED ENTRY--TOPICAL TERM | |
| Topical term or geographic name entry element | Academic writing |
| Form subdivision | Handbooks, manuals, etc. |
| 650 #0 - SUBJECT ADDED ENTRY--TOPICAL TERM | |
| Topical term or geographic name entry element | Report writing |
| Form subdivision | Handbooks, manuals, etc. |
| 650 #0 - SUBJECT ADDED ENTRY--TOPICAL TERM | |
| Topical term or geographic name entry element | Authorship |
| Form subdivision | Style manuals. |
| 650 #0 - SUBJECT ADDED ENTRY--TOPICAL TERM | |
| Topical term or geographic name entry element | Interdisciplinary approach in education |
| Form subdivision | Handbooks, manuals, etc. |
| 700 1# - ADDED ENTRY--PERSONAL NAME | |
| Personal name | Dolmage, Jay, |
| 906 ## - LOCAL DATA ELEMENT F, LDF (RLIN) | |
| a | 7 |
| b | cbc |
| c | orignew |
| d | 2 |
| e | ncip |
| f | 20 |
| g | y-gencatlg |
| 942 ## - ADDED ENTRY ELEMENTS (KOHA) | |
| Source of classification or shelving scheme | Library of Congress Classification |
| Koha item type | Books |
| Withdrawn status | Lost status | Source of classification or shelving scheme | Damaged status | Not for loan | Home library | Current library | Shelving location | Date acquired | Full call number | Barcode | Date last seen | Price effective from | Koha item type |
|---|---|---|---|---|---|---|---|---|---|---|---|---|---|
| Library of Congress Classification | WISCONSIN INTERNATIONAL UNIVERSITY COLLEGE, GHANA KUMASI LIBRARY | WISCONSIN INTERNATIONAL UNIVERSITY COLLEGE, GHANA KUMASI LIBRARY | General Stacks | 12/07/2022 | PE1408.R86(3e) | K/2878/0012/22 | 15/07/2022 | 15/07/2022 | Books |
